Animés les plus populaires au Japon - Statistiques

Statistiques générales
  • Ce quiz a été pris 695 fois
  • Le résultat moyen est 13 sur 100
Statistiques - réponses
Réponse % Correct
7 Naruto
96%
1 One piece
95%
5 Dragon Ball
86%
23 Bleach
69%
2 Demon slayer
69%
16 My hero academia
62%
6 L'attaque des titans
60%
11 Hunter x Hunter
57%
19 Jujutsu Kaisen
56%
65 Fairy tail
48%
41 Tokyo Ghoul
46%
9 Fullmetal Alchemist
40%
4 Détective Conan
36%
8 Haikyuu
36%
51 Assassination Classroom
35%
52 Kuroko's Basket
34%
10 Jojo's bizarre adventure
29%
91 Berserk
28%
100 Dr.Stone
27%
84 Fire force
25%
46 The promised Neverland
20%
12 Gintama
19%
53 Black Butler
18%
58 Chainsaw Man
18%
3 Slam Dunk
18%
80 Captain
17%
15 Doraemon
16%
13 Kingdom
13%
97 Captain Tsubasa
11%
60 Parasyte
11%
87 Fruits Basket
10%
47 Hajime no Ippo
10%
22 Fist of the north star
8%
28 Inuyasha
8%
57 City Hunter
7%
17 Yu Yu Hakusho
7%
26 Banana Fish
6%
74 Devilman
6%
39 Astro Boy
4%
64 Bungo Stray Dogs
4%
50 Kaguya-sama: love is war
4%
94 Rent-a-girlfriend
4%
31 Rurouni Kenshin
4%
62 Card Captor Sakura
3%
36 Golgo 13
3%
67 Reborn!
3%
37 Sazae-san
3%
43 The Quintessential Quintuplets
3%
29 Ashita no Joe
2%
18 Black Jack
2%
95 D.Gray Man
2%
35 KochiKame
2%
75 Magi: The labyrinth of Magic
2%
83 Major
2%
54 The prince of tennis
2%
14 World Trigger
2%
56 Candy Candy
1%
30 Dragon Quest : the adventure of Dai
1%
73 Galaxy Express 999
1%
21 Glass mask
1%
40 Golden Kamuy
1%
82 Hikaru no Go
1%
86 Karakuri Circus
1%
63 Kinniku Man
1%
32 Maison Ikkoku
1%
99 March Comes in like a lion
1%
25 Phoenix
1%
85 Toilet-Bound Hanako-Kun
1%
24 Touch
1%
61 Urusei Yatsura
1%
77 Abu-san
0%
55 Aikara-san: Here Comes Miss Modern
0%
44 Aim for the Ace
0%
90 Aria
0%
81 Barbaric Legend
0%
79 Basara
0%
70 Boys Over Flowers
0%
69 Cyborg 009
0%
45 Dobutsu no Oisha-san
0%
42 Dokaben
0%
72 H2
0%
68 Hoshin Engi
0%
88 Kaze no Daichi
0%
92 Macaroni Spinach
0%
49 Master Kaeton
0%
20 Natsume's book of friends
0%
59 Notame Cantabile
0%
76 Oshinbo
0%
93 Princess Knight
0%
96 Sket Dance
0%
78 Space Battleship Yamato
0%
38 Star of the Giants
0%
98 Tenshi Nanka Ja nai
0%
71 Tetsujin 28-Go
0%
34 The Poe Clan
0%
27 The Rose of Versailles
0%
66 Tokimeki Tonight
0%
48 Ushio and Tora
0%
89 Yukan Club
0%
33 Zatch Bell!
0%
Aucun quiz correspondant
Distribution des résultats
% des personnes avec chaque résultat
Percentile par nombre de réponses
Votre historique - résultats
Vous n’avez pas pris ce quiz